| 000 | 00483nam a2200157Ia 4500 | ||
|---|---|---|---|
| 005 | 20250315122603.0 | ||
| 008 | 231217s9999 xx 000 0 und d | ||
| 020 | _a9788184040326 | ||
| 082 | _a005.1 WIN;1 R | ||
| 100 | _aWingerd, Jaura. | ||
| 245 | 0 | _aPractical perforce : channelling the flow of change in software development collaboration | |
| 260 |
_c2006 _bSPD _aBangalore |
||
| 300 | _axx+336 | ||
| 650 | _aperforce,channelling,flow,software,collaboration | ||
| 942 | _cAA | ||
| 999 |
_c182463 _d182463 |
||